| 000 | 01062nac a22003131i 4500 | ||
|---|---|---|---|
| 003 | EG-ScBUE | ||
| 005 | 20240703083240.0 | ||
| 008 | 240703t2000 maua f b 001 0 eng d | ||
| 020 | _a0072295813 | ||
| 020 | _a9780072295818 | ||
| 040 |
_aEG-ScBUE _beng _erda _cEG-ScBUE _dEG-ScBUE |
||
| 043 | _an-us--- | ||
| 082 | 0 | 4 |
_a973.0496073 _bFRA _222 |
| 100 | 1 |
_aFranklin, John Hope, _eauthor. |
|
| 245 | 1 | 0 |
_aFrom slavery to freedom : _ba history of African Americans / _cJohn Hope Franklin, Alfred A. Moss, Jr. |
| 250 | _aEighth edition. | ||
| 264 | 1 |
_aBoston : _bMcGraw-Hill, _c[2000] |
|
| 264 | 4 | _cc2000 | |
| 300 |
_axxiv, 742 pages : _billustrations (some color) ; _c23 cm |
||
| 336 |
_2rdacontent _atext _btxt |
||
| 337 |
_aunmediated _2rdamedia _bn |
||
| 338 |
_avolume _bnc _2rdacarrier |
||
| 504 | _aIncludes bibliographical references and index. | ||
| 650 | 7 |
_aAfrican Americans _xHistory. _2BUEsh |
|
| 650 | 7 |
_aSlavery _zUnited States _xHistory. _2BUEsh |
|
| 655 | _vReading book | ||
| 700 | 1 |
_aMoss, Alfred A., _d1943- _eauthor. |
|
| 942 |
_cBB _2ddc |
||
| 999 |
_c8416 _d8416 |
||